Un Segle de vida catalana : 1814-1930 / [director: Ferran Soldevila] 1814-1930 / [director:
Descripción Física:
2 v. ; 25 cm
Otros Autores:
Soldevila, Ferran, 1894-1971
Materias:
Catalunya -- Història -- 1814/1930
MARC
| LEADER | 00000nam a2200000Ia 4500 | ||
|---|---|---|---|
| 001 | 2157, 2158 | ||
| 008 | 160829s1961 xx 000 0 cat d | ||
| 080 | |a H-1-78, H-1-79 | ||
| 245 | |a Un Segle de vida catalana : |b 1814-1930 / [director: |b Ferran Soldevila] | ||
| 260 | |a Barcelona : |b Alcides, |c 1961 | ||
| 300 | |a 2 v. ; |c 25 cm | ||
| 650 | |a Catalunya |x Història |x 1814/1930 |9 34081 | ||
| 700 | 1 | |a Soldevila, Ferran, |d 1894-1971 |e director editorial |9 35828 | |
| 901 | |a Arxiu | ||
| 942 | |n 1 |2 udc | ||
| 952 | |0 0 |1 0 |4 0 |6 H178_H179 |7 1 |9 46379 |a Arxiu |b Arxiu |d 2016-12-01 |l 0 |o H-1-78, H-1-79 |p 2157, 2158 |r 2016-12-01 00:00:00 |w 2016-12-01 |y ARXIU | ||
| 999 | |c 50164 |d 50164 | ||